00502nam a2200181Ia 450000500170000000800410001702000150005808200210007310000150009424500660010926000440017530000170021965000100023665000210024665000130026765000140028065000260029420250130060237.0240331s9999 xx 000 0 und d a033509760X bHAR21168a305.4 aHarding, S 0aWhose Science? Whose Knowledge?:bThinking from Women's Lives aBuckinghambOpen University Pressc1991 axii, 319 p., aWomen aFeminist Science aFeminism aKnowledge aFeminist Epistemology